踏上生命的第二旅程 (Record no. 31686)

000 -LEADER
fixed length control field 00487nam a22001937a 4500
003 - CONTROL NUMBER IDENTIFIER
control field MPLRDC
005 - DATE AND TIME OF LATEST TRANSACTION
control field 20220104142533.0
008 - FIXED-LENGTH DATA ELEMENTS--GENERAL INFORMATION
fixed length control field 210129b ||||| |||| 00| 0 eng d
020 ## - INTERNATIONAL STANDARD BOOK NUMBER
International Standard Book Number 978-986-7470-66-9
082 ## - DEWEY DECIMAL CLASSIFICATION NUMBER
Classification number 244.93 ROH
100 ## - MAIN ENTRY--PERSONAL NAME
Personal name RICHARD ROHR
245 ## - TITLE STATEMENT
Title 踏上生命的第二旅程
Statement of responsibility, etc. 王淑玫 译
250 ## - EDITION STATEMENT
Edition statement 初版
260 ## - PUBLICATION, DISTRIBUTION, ETC.
Place of publication, distribution, etc. 台湾
Name of publisher, distributor, etc. 启示出版
Date of publication, distribution, etc. 2012
300 ## - PHYSICAL DESCRIPTION
Other physical details 268
490 ## - SERIES STATEMENT
Series statement SOUL系列:031
650 ## - SUBJECT ADDED ENTRY--TOPICAL TERM
Topical term or geographic name entry element 基督徒生活
942 ## - ADDED ENTRY ELEMENTS (KOHA)
Koha item type Book
-- 244.93 ROH
Holdings
Withdrawn status Lost status Source of classification or shelving scheme Damaged status Not for loan Collection code Home library Current library Shelving location Date acquired Cost, normal purchase price Total Checkouts Full call number Barcode Date last seen Date last checked out Price effective from Koha item type Public note
            Malaysian Public Library, Research and Development Centre Malaysian Public Library, Research and Development Centre   10/12/2007 45.70   244.93 ROH 00031779 18/03/2021 15/05/2015 18/03/2021 Book mplrdc

© 2022. Malaysian Public Library, Research and Development Centre. All Right ReservedE-mailmplrdc@help.edu.my 

Powered by Koha